An industry approach to cases in strategic management / (Record no. 3340)
[ view plain ]
| 000 -LEADER | |
|---|---|
| fixed length control field | nam a22 a 4500 |
| 005 - DATE AND TIME OF LATEST TRANSACTION | |
| control field | 20170522120210.0 |
| 008 - FIXED-LENGTH DATA ELEMENTS--GENERAL INFORMATION | |
| fixed length control field | 170522b1989 ilu||||| |||| 00| 0 eng d |
| 020 ## - INTERNATIONAL STANDARD BOOK NUMBER | |
| International Standard Book Number | 0256073430 |
| 040 ## - CATALOGING SOURCE | |
| Original cataloging agency | AKMAL |
| 082 ## - DEWEY DECIMAL CLASSIFICATION NUMBER | |
| Classification number | 658.4012 PEA |
| 090 ## - LOCALLY ASSIGNED LC-TYPE CALL NUMBER (OCLC); LOCAL CALL NUMBER (RLIN) | |
| Classification number (OCLC) (R) ; Classification number, CALL (RLIN) (NR) | 658.4012 |
| Local cutter number (OCLC) ; Book number/undivided call number, CALL (RLIN) | PEA |
| 100 ## - MAIN ENTRY--PERSONAL NAME | |
| Personal name | Pearce, John A. |
| 9 (RLIN) | 6721 |
| 245 ## - TITLE STATEMENT | |
| Title | An industry approach to cases in strategic management / |
| Statement of responsibility, etc. | John A. Pearce II, Richard B. Robinson, Jr., Shaker A. Zahra. |
| 260 ## - PUBLICATION, DISTRIBUTION, ETC. | |
| Place of publication, distribution, etc. | Homewood, IL |
| Name of publisher, distributor, etc. | Irwin |
| Date of publication, distribution, etc. | 1989. |
| 300 ## - PHYSICAL DESCRIPTION | |
| Extent | xii, 691 p. |
| Other physical details | ill |
| Dimensions | 24cm |
| 500 ## - GENERAL NOTE | |
| General note | Includes index. |
| 504 ## - BIBLIOGRAPHY, ETC. NOTE | |
| Bibliography, etc. note | Bibliography: p. 638. |
| 650 ## - SUBJECT ADDED ENTRY--TOPICAL TERM | |
| Topical term or geographic name entry element | Strategic planning |
| General subdivision | Case studies. |
| 9 (RLIN) | 6680 |
| 700 ## - ADDED ENTRY--PERSONAL NAME | |
| Personal name | Robinson, Richard B. |
| Dates associated with a name | 1947- |
| Fuller form of name | (Richard Braden) |
| 9 (RLIN) | 6776 |
| 700 ## - ADDED ENTRY--PERSONAL NAME | |
| Personal name | Zahra, Shaker A. |
| 9 (RLIN) | 6777 |
| 942 ## - ADDED ENTRY ELEMENTS (KOHA) | |
| Source of classification or shelving scheme | |
| Koha item type | Book |
| Withdrawn status | Lost status | Source of classification or shelving scheme | Damaged status | Not for loan | Collection code | Home library | Current library | Shelving location | Date acquired | Inventory number | Total Checkouts | Full call number | Barcode | Date last seen | Price effective from | Koha item type |
|---|---|---|---|---|---|---|---|---|---|---|---|---|---|---|---|---|
| NON-FICTION | AKMAL Melaka | AKMAL Melaka | PINJAMAN | 22.05.2017 | 601257 | 658.4012 PEA | 201704295 | 22.05.2017 | 22.05.2017 | Book | ||||||
| NON-FICTION | AKMAL Melaka | AKMAL Melaka | PINJAMAN | 22.05.2017 | 601256 | 658.4012 PEA | 201704296 | 22.05.2017 | 22.05.2017 | Book |
